000 00301nam a2200121Ia 4500
008 211105s9999 xx 000 0 und d
020 _aVYASA05251
100 _aStanovich Keith E.
245 0 _aHow To Think Straight About Psychology
250 _a7th
260 _bPearson Education
_c\N
300 _a226
999 _c9786
_d9786